| 000 | 00718nam a22002177a 4500 | ||
|---|---|---|---|
| 003 | 0 | ||
| 005 | 20250829162852.0 | ||
| 008 | 250829b xxu||||| |||| 00| 0 eng d | ||
| 020 | _a978-1-64726-934-0 | ||
| 050 |
_aJZ 1318 _b.L83 2025 |
||
| 100 |
_aLucas, Gabriel, _eauthor. |
||
| 245 |
_aGlobalization : _ba basic textbook / _cGabriel Lucas. |
||
| 260 |
_aNew York, NY : _bClanrye International, _c2025. |
||
| 300 |
_avi, 221 pages : _bcolored illustrations ; _c26 cm. |
||
| 504 | _aIncludes bibliographical references and index. | ||
| 650 | _aGlobalization. | ||
| 650 |
_aGlobalization _xSocial aspects. |
||
| 650 |
_aGlobalization _xPolitical aspects. |
||
| 650 | _aAnti-globalization movement. | ||
| 942 |
_2lcc _cBK |
||
| 999 |
_c367699 _d367699 |
||